Two-Word Hint Crossword Quiz Stats

 Plays Quiz Updated Feb 17, 2019

     
Support Sporcle.
Go Orange.
Score 0/160 Timer 19:00
7 Plays Today
% Correct
​T
91.7%
​E
88%
​E
87.6%
​B
87.6%
​A
87.3%
​L
87.3%
​N
86.7%
​A
85.8%
​I
84.6%
​C
82.4%
​R
82.1%
​I
82.1%
​L
82.1%
​R
81.8%
​M
81.2%
​A
80.3%
​T
80.3%
​A
80.3%
​N
79.2%
​E
78.9%
​E
78.3%
​O
77.9%
​L
77.6%
​T
76.1%
​R
76.1%
​A
76.1%
​A
75.4%
​R
75.4%
​L
74.3%
​H
74.3%
​N
73.9%
​R
73.6%
​I
73.5%
​S
72.9%
​D
72.5%
​R
72.5%
​A
71.8%
​W
71.8%
​A
71.8%
​P
71.7%
​L
71.5%
​Y
71%
​N
70.3%
​E
70.1%
​M
69.7%
​R
69.7%
​V
69.7%
​S
69.7%
​A
69.2%
​E
68.9%
​R
68.6%
​B
68.1%
​I
67.8%
​L
67.7%
% Correct
​U
67.6%
​G
67.6%
​R
67.6%
​N
66.9%
​O
66.9%
​R
66.9%
​T
66.9%
​G
66.3%
​S
65.6%
​A
65.5%
​J
65.5%
​K
65.4%
​S
65.2%
​I
65.2%
​A
65.1%
​G
65.1%
​A
64.1%
​D
64.1%
​C
64.1%
​P
64.1%
​C
63.3%
​A
63%
​T
62.9%
​G
62.6%
​E
61.3%
​C
60.2%
​E
60.2%
​E
60.1%
​T
59.9%
​P
59.5%
​A
59.3%
​S
59.3%
​N
59.3%
​A
59%
​C
58.9%
​U
58.9%
​N
58.6%
​R
58.6%
​C
58.6%
​G
58.5%
​I
58.2%
​A
58.2%
​I
58.2%
​R
57.3%
​D
57.3%
​R
57.3%
​N
57.1%
​E
56.6%
​T
56.5%
​R
56.5%
​I
56.5%
​H
56.5%
​A
55.3%
​L
55.3%
% Correct
​Q
55.3%
​I
55.3%
​A
54.3%
​A
54.3%
​R
54.3%
​T
53.2%
​A
52.2%
​A
52.2%
​O
52.2%
​O
51.9%
​I
51.9%
​Z
51.7%
​K
51.7%
​E
51.7%
​L
50.4%
​O
49.4%
​S
49.4%
​I
49.4%
​E
49.4%
​E
48.4%
​I
47.9%
​S
47.9%
​N
47.9%
​L
47.8%
​V
47.8%
​T
47.8%
​O
47.8%
​U
45.4%
​G
45.4%
​N
42.5%
​O
42.1%
​O
40.9%
​A
40.9%
​R
40.9%
​O
37.4%
​X
34.9%
​L
34.9%
​T
34.9%
​E
31.1%
​L
31.1%
​L
31.1%
​S
31.1%
​E
30.9%
​S
26.6%
​E
26.6%
​R
20.2%
​F
20.2%
​C
20.2%
​G
17.1%
​N
17.1%
​S
17.1%
​O
17.1%

From the Vault

Soccer: I Love You, Man

by chaosBEE

Sports 8m
Can you feel the love?
Remove Ads.
Support Sporcle.
Get the best of Sporcle when you Go Orange. This ad-free experience offers more features, more stats, and more fun while also helping to support Sporcle. Thank you for becoming a member.

Show Comments

Extras

Top Quizzes Today


Score Distribution

Your Account Isn't Verified!

In order to create a playlist on Sporcle, you need to verify the email address you used during registration. Go to your Sporcle Settings to finish the process.

Report this User

Report this user for behavior that violates our Community Guidelines.

Details: